Score 0/26 Timer 04:00
0 Plays Today
First Letter of Company Name: Company Name % Correct
CCoca Cola
93.4%
FFord
85.8%
AAdobe
85.1%
NNike
82.6%
YYahoo!
82.3%
MMcDonalds
74.7%
HHewlett-Packard
72.6%
EExxon
70.8%
SStaples
70.8%
GGoodyear
69.4%
VVolkswagen
65.3%
XXerox
64.6%
LLG
57.3%
First Letter of Company Name: Company Name % Correct
OOutback Steakhouse
56.9%
IIgloo
51.4%
PPetsmart
49.7%
ZZenith
47.2%
DDunder Mifflin
45.1%
TTarget
40.6%
BBest Buy
38.9%
KKroger
37.8%
WWhirlpool
36.8%
RRed Robin
33.7%
JJ.C. Penney
28.8%
QQualcomm
12.8%
UU.S. Cellular
5.2%
Remove Ads.
Support Sporcle.
Get the best of Sporcle when you Go Orange. This ad-free experience offers more features, more stats, and more fun while also helping to support Sporcle. Thank you for becoming a member.

You're not logged in!

Compare scores with friends on all Sporcle quizzes.
OR
Log In

Show Comments

Extras

Created Oct 28, 2010ReportNominate
Tags:Company Quiz, A-Z, Quick

Top Quizzes Today


Score Distribution

Your Account Isn't Verified!

In order to create a playlist on Sporcle, you need to verify the email address you used during registration. Go to your Sporcle Settings to finish the process.

Report this User

Report this user for behavior that violates our Community Guidelines.

Details: